Análisis económico y comercial Asia Pacífico: Corea y Japón

Salvato in:
Dettagli Bibliografici
Ente Autore: Fundación Chilena del Pacífico (Autore)
Natura: Libro
Lingua:spagnolo
Pubblicazione: Santiago Ministerio de Relaciones Exteriores 2000
Serie:Estudio, 1
Soggetti:
Tags: Aggiungi Tag
Nessun Tag, puoi essere il primo ad aggiungerne!!

MARC

LEADER 00000nam a2200000 a 4500
001 UCO6527
003 CL-VaPUC
008 001020e20000000CL |||||||||||||||||spa|d
082 0 4 |a 338.95  |b FUN  |2 21 
110 2 |a Fundación Chilena del Pacífico  |e author  |9 451227 
245 1 0 |a Análisis económico y comercial Asia Pacífico: Corea y Japón 
300 |a 36 p 
942 |c BK 
945 |d 20001020 00:00:00  |a cmena 
260 |a Santiago  |b Ministerio de Relaciones Exteriores  |c 2000 
650 0 |a Desarrollo económico y social   |9 256320 
650 7 |a EXPORTACIONES  |2 CL-VaPUC  |9 255382 
650 7 |a RELACIONES COMERCIALES  |2 CL-VaPUC  |9 322074 
650 7 |a COMERCIO INTERNACIONAL  |2 CL-VaPUC  |9 451228 
651 7 |a COREA  |2 CL-VaPUC  |9 317315 
651 0 |a Japón   |9 260391 
583 |a last modification  |c 20001020 00:00:00  |k Rodrigo Vera 
490 0 |a Estudio, 1 
999 |c 292017  |d 292015 
952 |0 0  |1 0  |4 0  |6 338_950000000000000_FUN_2000  |7 0  |8 A  |9 342460  |a BIBGIM  |b BIBGIM  |d 2019-11-20  |i 3649717  |o 338.95 FUN 2000  |p 3649717  |r 2025-01-15  |w 2019-11-20  |y BK  |k ORI